000 01310nam a2200313 4500
001 178155
003 ES-MaACL
005 20230904063001.0
008 110519s2007 sp |||| |dspa d
020 _a978-84-96637-33-7
080 _a821.134.2-23"19"
100 1 _aCillero Ulecia, Antonio,
_d1917-2007
_938827
245 1 4 _aLos dioses se han fatigado /
_cAntonio Cillero Ulecia ; edición de Diego Marín A. y José Luis Pérez Pastor.
260 _aLogroño :
_bInstituto de Estudios Riojanos,
_c2007.
300 _a91 p. :
_b1 retr. ;
_c22 cm.
490 1 _aNuestros escritores ;
_v1
504 _aBibliografía: p. 31-32.
505 8 _aContiene: ;
_tEl escritor Cillero Ulecia recibió un homenaje póstumo en el Ateneo de Madrid
700 1 _aMarín A., Diego.
_976761
700 1 _aPérez Pastor, José Luis.
_991077
710 2 _aInstituto de Estudios Riojanos.
_94928
740 3 _aEl escritor Cillero Ulecia recibió un homenaje póstumo en el Ateneo de Madrid.
830 0 _aNuestros escritores ;
_v1
_9224254
852 _aES-MaACL
_9185014
_bR.145499
_jA-11212
_dOlim: N-4216
_cDEPO1
_xDonación: Antonio Cillero
903 _938827
_aCillero Ulecia, Antonio,
_d1917-2007
_ednr
942 _2udc
_cMONOGRAFIA
999 _c178155
_d178155